| 000 | 00553 a2200181 4500 | ||
|---|---|---|---|
| 999 |
_c5002 _d5002 |
||
| 020 |
_a0070857881 _c296.76 |
||
| 035 | _aB-211483 | ||
| 037 | _bRP-L-249 / UBH-07-08:6 / RP-07-08:ENG | ||
| 082 | 1 | 4 | _a621.381 |
| 100 | 1 | _aTaub, Herbert | |
| 245 | 1 |
_aDigital intergrated electronics _cby Herbert Taub, Dobnald Schilling |
|
| 260 |
_aSingapore _bMcGraw Hill _c1977 |
||
| 300 |
_axx, 650 p _c21 cm (pbk) |
||
| 490 | _aMcGraw Hill electrical and electronic engineering series | ||
| 700 | _aSchilling, Donald | ||
| 942 |
_adpl _cEN _k621.381/ _2ddc |
||